Statystyki dla Miasta pcd roblox

Kliknij tutaj aby rozwiązać quiz!

Ogólne statystyki

  • Ten quiz został rozwiązany 809 razy
  • Średni wynik to 9 z 12

Statystyki odpowiedzi

PodpowiedźOdpowiedź% Poprawnych
Pierwsze miastoSławno
97%
Największe MiastoDarłowo
95%
Jest tam karczma i bankMalechowo
83%
(zwierzęcie) wiczkiBobrowiczki
79%
SkrzyżowanieKarwice
78%
KurierMalechówko
77%
Nazwa zwierzęciaBobrowice
76%
PociągSęczkowo
76%
Jest przed lasemSłowino
75%
Znajduje się na zakręcieRusko
68%
Jest za lasemDomasławice
64%
Płacisz tam hajsRzyszczewo
28%

Rozkład punktacji

Percentyl według liczby udzielonych odpowiedzi

Procent ludzi z każdym wynikiem

Twoja historia wyników

Nie rozwiązałeś tego quizu